| 000 | 00900nam a2200241 a 4500 | ||
|---|---|---|---|
| 001 | 40503 | ||
| 003 | BD-RjUL | ||
| 005 | 20211209053229.0 | ||
| 008 | 160503s1988 bg ||||| |||| 00| 0 ben d | ||
| 020 |
_a9840736876 _c: Tk. 40.00 |
||
| 035 | _a(BD-RjUL) 40618 | ||
| 040 |
_aBD-RjUL _bben _cBD-RjUL |
||
| 041 | _aben | ||
| 082 |
_223 _a171.5 _bMIU 1988 |
||
| 100 |
_aমিল, জন স্টুয়ার্ট _9124745 |
||
| 245 | 1 | 0 |
_aউপযোগবাদ / _cজন স্টুয়ার্ট মিল ; অনুবাদক: হাসনা বেগম |
| 260 |
_aঢাকা : _bবাংলা একাডেমী, _c১৯৮৮ |
||
| 300 |
_a[৭], ৯৫ পৃ. ; _c২১ সেমি. |
||
| 650 |
_aউপযোগবাদ _9124746 |
||
| 650 |
_aUtilitarianism _9124747 |
||
| 700 |
_aবেগম, হাসনা, অনুবাদক _9124748 |
||
| 942 |
_2ddc _cBK |
||
| 999 |
_c40503 _d40503 |
||